Smallest Capital - Sudden Death - Statistics

General Stats
  • This quiz has been taken 508 times
    99 since last reset
  • The average score is 4 of 10
Answers on the Grid
Answers color-coded by a green-red scale on the quiz's grid according to % correct below.
Ngerulmud
Jakarta
Vatican City
Funafuti
Pyongyang
Moscow
Zagreb
Maseru
Oslo
Ashgabat
Sofia
Kampala
Montevideo
Windhoek
Gitega
Nicosia
Khartoum
Bissau
Djibouti
Islamabad
Brazzaville
Berlin
Bogota
Beijing
Yaounde
Vientiane
Dhaka
Kinshasa
Santiago de Chile
Hanoi
Lima
Amman
Moroni
Majuro
Lisbon
Niamey
Victoria
St. John's
Bandar Seri Begawan
Bridgetown
 
Answer Stats
Answer % Correct
Maseru
77%
Ngerulmud
60%
Bissau
34%
Oslo
34%
Vientiane
33%
Amman
32%
Brazzaville
32%
Majuro
28%
Gitega
27%
Victoria
9%
No matching quizzes found
Score Distribution
Percent of People with Each Score
Percentile by Number Answered
Your Score History
You have not taken this quiz since the last reset